Theory of Elasticity, 4 ed (Record no. 327690)

000 -LEADER
fixed length control field 00333 a2200145 4500
001 - CONTROL NUMBER
control field 92617
020 ## - INTERNATIONAL STANDARD BOOK NUMBER
International Standard Book Number 81-7409-060-6
082 ## - DEWEY DECIMAL CLASSIFICATION NUMBER
Classification number 620.1123/SAD
090 ## - LOCALLY ASSIGNED LC-TYPE CALL NUMBER (OCLC); LOCAL CALL NUMBER (RLIN)
-- 44524
-- 44525
100 ## - MAIN ENTRY--PERSONAL NAME
Personal name Dr. Sadhu Singh
245 ## - TITLE STATEMENT
Title Theory of Elasticity, 4 ed
250 ## - EDITION STATEMENT
Edition statement 4
260 ## - PUBLICATION, DISTRIBUTION, ETC.
Place of publication, distribution, etc. New Delhi
Name of publisher, distributor, etc. Khanna
Date of publication, distribution, etc. 2004
300 ## - PHYSICAL DESCRIPTION
Extent xx,718p.
942 ## - ADDED ENTRY ELEMENTS (KOHA)
Institution code [OBSOLETE] CAE NUST
Koha item type
Call number prefix 620.1123/SAD
Holdings
Withdrawn status Lost status Damaged status Not for loan Collection code Permanent Location Current Location Date acquired Total Checkouts Full call number Barcode Date last seen Price effective from Koha item type
          College of Aeronautical Engineering (CAE) College of Aeronautical Engineering (CAE) 04/03/2017   620.1123/SAD CAE88836 04/05/2017 04/05/2017 Book
          College of Aeronautical Engineering (CAE) College of Aeronautical Engineering (CAE) 04/03/2017   620.1123/SAD CAE88839 04/05/2017 04/05/2017 Book
          College of Aeronautical Engineering (CAE) College of Aeronautical Engineering (CAE) 04/03/2017   620.1123/SAD CAE88838 04/05/2017 04/05/2017 Book
          College of Aeronautical Engineering (CAE) College of Aeronautical Engineering (CAE) 04/03/2017   620.1123/SAD CAE88837 04/05/2017 04/05/2017 Book
© 2023 Central Library, National University of Sciences and Technology. All Rights Reserved.